Регионална библиотека "Любен Каравелов" - Русе

Съчинения (Запис номер 175683)

MARC детайли
000 -Лидер
Контролно поле с фиксирана дължина 00972nam a2200265 c 4500
003 - Код на организацията, давaща контролен номер
Контролно поле BLK
005 - Дата и час на последна редакция
Контролно поле 20230401030301.0
008 - Елементи от данни с фиксирана дължина
fixed length control field 180411b bul|||||r ||||||| ||bul||
010 ## - Наследен системен номер
LC control number KNG00184277000
040 ## - Източник на каталожния запис
Идентификатор на билиотеката - собственик на записа BLK
041 ## - Код за език
Код за езика на текст/звукозапис или на отделно заглавие Български
Код за езика КДБФ Български
080 ## - УДК
Текстов определител УДК Българска литература
УДК код - определител по УДК 821.163.2
УДК определител -1
УДК - код + определител 821.163.2-1
139 ## - Редно поле
Редна дума Яворов, Пейо
Авторски знак Яво - Я 18
245 10 - Сведения за заглавието
Заглавие Съчинения
Подзаглавни данни В 2 т.
Редно поле (дума) Пейо Яворов.
Том Т. 1
Заглавие на том Стихотворения
257 ## - Страна на издаване
Страна на създаване/издаване България
260 ## - Област на издателските данни
-- София
Име на издателя, разпространителя и проч. Бълг. писател
Година на издаване 1974 -
380 ## - Жанр
Жанр Худож. лит.
760 1# - Описание на основната серия
Редна дума на основното описание Яворов, Пейо
Място на издаване, издател и година 1974
Страници - том 247 с. : 1 л. портр.
Заглавие Т. 1 Стихотворения
852 ## - Местоположение
Форматна сигнатура Цб 73364
856 4# - Електронен адрес и достъп
Електронен формат pdf - файл
Път до файла /url/
856 4# - Електронен адрес и достъп
Електронен формат pdf - файл
Път до файла /url/
942 ## - АРТИКУЛИ
Вид на библиотечния материал Книги
Скрит в OPAC Не
Koha issues (borrowed), all copies 3
944 ## - СЪЗДАВАНЕ И РЕДАКЦИЯ на ЗАПИСА
Създаване/Редакция Създаване
Дата на регистрацията/редакция 29.10.2015
Служител, извършил регистрацията/редакцията Виолета_Тройчева
944 ## - СЪЗДАВАНЕ И РЕДАКЦИЯ на ЗАПИСА
Създаване/Редакция Редакция
Дата на регистрацията/редакция 15.09.2017
Служител, извършил регистрацията/редакцията Христина_Везирева
999 ## - СИСТЕМНИ КОНТРОЛНИ НОМЕРА
Koha biblionumber 175683
Koha biblioitemnumber 175683
Наличности
Код за отписване Код за изгубен артикул Източник на класификационната схема Код за повреда Коз за рестрикции Код за отдаване Артикулен № Име на библиотеката - собственик Име на библиотеката, в която се намира в момента Статус (Текущо местоположение) Дата на вписване в системата Местоположение - отдел Цена в лева Инвентарен номер Систематично азбучна сигнатура Баркод Номер на екземпляра Цена в евро Служебна бележка Служебен тип на артикула Бележка за публиката
  Не е изгубен Universal Decimal Classification Не е повреден без рестрикции ползва се в читалня 302463 Регионална библиотека "Любен Каравелов" Русе Регионална библиотека "Любен Каравелов" Русе Хранилище 1974-01-01 Хранилище 1.66 171547 Цб 73364 120000171547 1 0.85 Дост: Dp Вид: Д N: стар фонд Дата: 01.01.1974 Книги  
Изтеглен Не е изгубен   Не е повреден без рестрикции заемане за дома 302464 Регионална библиотека "Любен Каравелов" Русе Регионална библиотека "Любен Каравелов" Русе   1974-01-01 Детски отдел 1.66 171964 ДХ 886.7/Я 18 171964 2 0.85 Дост: Dp Вид: Д N: стар фонд Дата: 01.01.1974 Дата инв: 29.10.2015 Бележки инв: Д2015 Книги Отч.N: 32/2017 , Дата: 04.09.2017
Изтеглен Не е изгубен   Не е повреден без рестрикции заемане за дома 302465 Регионална библиотека "Любен Каравелов" Русе Регионална библиотека "Любен Каравелов" Русе Заемна - подръчен фонд 1974-01-01 Заемна - подръчен фонд 0.66 624359 П 886.7/Я 18 624359 3 0.34 Дост: Dp Вид: Д N: стар фонд Дата: 01.01.1974 Дата инв: 01.03.2018 Бележки инв: П2018 Книги  
Vip Innovations Ltd, Rousse, Bulgaria 2025